000
00323nam a22001457a 4500
003
SGT
020
_a
978-93-88313-73-5
082
_a
611
_b
S19S
100
_a
SPLITTGERBER, RIYAN
245
_a
SNELL'S CLINICAL NEUROANATOMY
250
_a
8TH
260
_a
INDIA
_b
WOLTER KLUWER
_c
2019
300
_a
527
942
_2
ddc
_c
BK
999
_c
18152
_d
18152